| 000 | 00552nam a22002297a 4500 | ||
|---|---|---|---|
| 003 | OSt | ||
| 005 | 20180116183023.0 | ||
| 008 | 151202b xxu||||| |||| 00| 0 eng d | ||
| 020 | _a9780586048382 | ||
| 022 | _a9780586048382 | ||
| 040 | _c0 | ||
| 050 | _a813.54 | ||
| 082 | _a813.54 | ||
| 100 | _aAnthony,Piers. | ||
| 245 |
_aChaining the Lady. _cPiers,Anthony. |
||
| 260 |
_aLondon. _bGrafton Books. _c1978. |
||
| 300 | _a350p. | ||
| 500 | _aPaper Cover | ||
| 600 | _aAnthony,Piers. | ||
| 700 | _aAnthony,Piers. | ||
| 942 |
_2ddc _cBK _k813.54 |
||
| 999 |
_c350677 _d350677 |
||